| 000 -LEADER |
| fixed length control field |
01808 a2200253 4500 |
| 003 - CONTROL NUMBER IDENTIFIER |
| control field |
NUST |
| 005 - DATE AND TIME OF LATEST TRANSACTION |
| control field |
20230102130831.0 |
| 010 ## - LIBRARY OF CONGRESS CONTROL NUMBER |
| LC control number |
97048421 |
| 020 ## - INTERNATIONAL STANDARD BOOK NUMBER |
| International Standard Book Number |
0890069824 (alk. paper) |
| 040 ## - CATALOGING SOURCE |
| Transcribing agency |
Nust |
| 082 00 - DEWEY DECIMAL CLASSIFICATION NUMBER |
| Classification number |
364.4,OPT |
| 245 00 - TITLE STATEMENT |
| Title |
Optical document security / |
| Statement of responsibility, etc. |
Rudolf L. van Renesse, editor. |
| 250 ## - EDITION STATEMENT |
| Edition statement |
2nd ed. |
| 260 ## - PUBLICATION, DISTRIBUTION, ETC. |
| Place of publication, distribution, etc. |
Boston : |
| Name of publisher, distributor, etc. |
Artech House, |
| Date of publication, distribution, etc. |
c1998. |
| 300 ## - PHYSICAL DESCRIPTION |
| Extent |
xxviii, 505 p. : |
| Other physical details |
ill. (some col.) ; |
| Dimensions |
24 cm. + |
| Accompanying material |
1 computer laser optical disc (4 3/4 in.) |
| 440 #0 - SERIES STATEMENT/ADDED ENTRY--TITLE |
| Title |
Artech House optoelectronics library |
| 9 (RLIN) |
95676 |
| 505 ## - FORMATTED CONTENTS NOTE |
| Formatted contents note |
Forensic Aspects of Document Counterfeit (Page-1), Security Design of Valuable Documents and Products (Page-29) The Evaluation of Document Fraud Resistance(Page-57) Introduction to Optical Document Security (Page-75), Security Papers and Special Effects (Page-113), The Historical Development of Security Printing : Design and Technology(Page-131), Security Printing Techniques,151.: Digital Copying Security Elements (Page-151), Noniridescent Optically Variable Devices (Page-201), Document Protection by Optically Variable Graphics (Kinegram) (Page-247), Zero-Order Grating Microstructures (Page-267), Optical Thin-Film Security Devices (Page-289), Liquid Crystal Security Devices (Page-329), Iridescent Optically Variable Devices : A Survey (Page-349), Retroreflective Security Devices (Page-387), Optical Security in Laminates (Page- 405), Identification Cards (Page-427), An Introduction to Biometrics (Page-451). |
| 650 #0 - SUBJECT ADDED ENTRY--TOPICAL TERM |
| Topical term or geographic name entry element |
Counterfeits and counterfeiting |
| General subdivision |
Prevention. |
| 9 (RLIN) |
95677 |
| 650 #0 - SUBJECT ADDED ENTRY--TOPICAL TERM |
| Topical term or geographic name entry element |
Forgery |
| General subdivision |
Prevention. |
| 9 (RLIN) |
95678 |
| 650 #0 - SUBJECT ADDED ENTRY--TOPICAL TERM |
| Topical term or geographic name entry element |
Identification cards |
| General subdivision |
Forgeries |
| -- |
Prevention. |
| 9 (RLIN) |
95679 |
| 650 #0 - SUBJECT ADDED ENTRY--TOPICAL TERM |
| Topical term or geographic name entry element |
Reproduction of money, documents, etc. |
| General subdivision |
Prevention. |
| 9 (RLIN) |
95680 |
| 700 1# - ADDED ENTRY--PERSONAL NAME |
| Personal name |
Van Renesse, Rudolf L. |
| 9 (RLIN) |
95681 |
| 942 ## - ADDED ENTRY ELEMENTS (KOHA) |
| Koha item type |
Book |
| Source of classification or shelving scheme |
|
| Call number prefix |
364.4,OPT |